<?xml version="1.0" encoding="UTF-8"?>
<record
    xmlns:xsi="http://www.w3.org/2001/XMLSchema-instance"
    xsi:schemaLocation="http://www.loc.gov/MARC21/slim http://www.loc.gov/standards/marcxml/schema/MARC21slim.xsd"
    xmlns="http://www.loc.gov/MARC21/slim">

  <leader>01866nam a2200325   4500</leader>
  <controlfield tag="001">009147</controlfield>
  <controlfield tag="003">000092</controlfield>
  <controlfield tag="005">20220326193246.0</controlfield>
  <controlfield tag="008">090912s2003    ag||||| ||||z00| 0 spa d</controlfield>
  <datafield tag="020" ind1=" " ind2=" ">
    <subfield code="a">9879396847</subfield>
  </datafield>
  <datafield tag="040" ind1=" " ind2=" ">
    <subfield code="a">AR-CdUEA</subfield>
    <subfield code="c">AR-CdUEA</subfield>
  </datafield>
  <datafield tag="041" ind1="0" ind2=" ">
    <subfield code="a">spa</subfield>
  </datafield>
  <datafield tag="082" ind1=" " ind2=" ">
    <subfield code="a">709.82</subfield>
  </datafield>
  <datafield tag="245" ind1="0" ind2="0">
    <subfield code="a">Manifiestos argentinos :</subfield>
    <subfield code="b">pol&#xED;ticas de lo visual, 1900-2000 /</subfield>
    <subfield code="c">introducci&#xF3;n y selecci&#xF3;n de Rafael Cippolini.</subfield>
  </datafield>
  <datafield tag="260" ind1=" " ind2=" ">
    <subfield code="a">Buenos Aires :</subfield>
    <subfield code="b">Adriana Hidalgo,</subfield>
    <subfield code="c">2003.</subfield>
  </datafield>
  <datafield tag="300" ind1=" " ind2=" ">
    <subfield code="a">534 p. ;</subfield>
    <subfield code="c">23 cm.</subfield>
  </datafield>
  <datafield tag="490" ind1="0" ind2=" ">
    <subfield code="a">Los sentidos. Artes visuales.</subfield>
  </datafield>
  <datafield tag="504" ind1=" " ind2=" ">
    <subfield code="a">Bibliograf&#xED;a: p. 505-512.</subfield>
  </datafield>
  <datafield tag="505" ind1=" " ind2=" ">
    <subfield code="t">INTRODUCCI&#xD3;N. Apuntes para una teor&#xED;a del manifiesto</subfield>
    <subfield code="t">El Manifiesto Blanco de Lucio Fontana</subfield>
    <subfield code="t">Pol&#xED;ticas del canon: manifiesto y legitimaci&#xF3;n.</subfield>
    <subfield code="t">Fines del siglo XX: el manifiesto como autosimulacro</subfield>
    <subfield code="t">El manifiesto como idea de civilizaci&#xF3;n</subfield>
    <subfield code="t">El manifiesto y la puesta en escena de un sujeto</subfield>
    <subfield code="t">Escritura de artista y expresiones extratextuales</subfield>
    <subfield code="t">El manifiesto como herramienta de exploraci&#xF3;n de la realidad</subfield>
    <subfield code="t">Realismo y naturalismo: fundaci&#xF3;n de la Sociedad de Est&#xED;mulo de Bellas Artes</subfield>
    <subfield code="t">El manifiesto art&#xED;stico como instrumento pol&#xED;tico</subfield>
    <subfield code="t">Los manifiestos y los proyectos de pa&#xED;s: Lugones, Ripamonte y Marechal</subfield>
    <subfield code="t">Publicaciones de los a&#xF1;os veinte: Prisma, Proa, Mart&#xED;n Fierro</subfield>
    <subfield code="t">Ideolog&#xED;as, mercanc&#xED;a y mercado del arte</subfield>
    <subfield code="t">Paternosto y Puente: la evoluci&#xF3;n del discurso</subfield>
    <subfield code="t">Los manifiestos y las historia</subfield>
    <subfield code="t">Arthur Danto y la era de los manifiestos</subfield>
    <subfield code="t">El artista como discurso m&#xF3;vil en la historia</subfield>
  </datafield>
  <datafield tag="650" ind1=" " ind2="4">
    <subfield code="a">Arte argentino</subfield>
    <subfield code="9">155</subfield>
  </datafield>
  <datafield tag="650" ind1=" " ind2="4">
    <subfield code="a">Arte de vanguardia</subfield>
    <subfield code="9">98</subfield>
  </datafield>
  <datafield tag="650" ind1=" " ind2="4">
    <subfield code="a">Movimientos art&#xED;sticos</subfield>
    <subfield code="9">585</subfield>
  </datafield>
  <datafield tag="650" ind1=" " ind2="4">
    <subfield code="a">Corrientes culturales</subfield>
    <subfield code="9">887</subfield>
  </datafield>
  <datafield tag="650" ind1=" " ind2="4">
    <subfield code="a">Historia del arte</subfield>
    <subfield code="9">156</subfield>
  </datafield>
  <datafield tag="650" ind1=" " ind2="4">
    <subfield code="a">Filosof&#xED;a del arte</subfield>
    <subfield code="9">157</subfield>
  </datafield>
  <datafield tag="651" ind1=" " ind2="4">
    <subfield code="a">Argentina</subfield>
    <subfield code="9">256</subfield>
  </datafield>
  <datafield tag="700" ind1="1" ind2=" ">
    <subfield code="a">Cippolini, Rafael, </subfield>
    <subfield code="9">158</subfield>
  </datafield>
  <datafield tag="710" ind1=" " ind2=" ">
    <subfield code="a">Adriana Hidalgo editora</subfield>
    <subfield code="9">159</subfield>
  </datafield>
  <datafield tag="945" ind1=" " ind2=" ">
    <subfield code="a">ela</subfield>
  </datafield>
  <datafield tag="999" ind1=" " ind2=" ">
    <subfield code="c">24</subfield>
    <subfield code="d">24</subfield>
  </datafield>
  <datafield tag="952" ind1=" " ind2=" ">
    <subfield code="0">0</subfield>
    <subfield code="1">0</subfield>
    <subfield code="2">ddc</subfield>
    <subfield code="4">0</subfield>
    <subfield code="7">0</subfield>
    <subfield code="a">LV</subfield>
    <subfield code="b">LV</subfield>
    <subfield code="c">Pensamiento</subfield>
    <subfield code="d">2014-02-18</subfield>
    <subfield code="l">0</subfield>
    <subfield code="o">709.82</subfield>
    <subfield code="p">000092</subfield>
    <subfield code="r">2014-02-18 00:00:00</subfield>
    <subfield code="w">2014-02-18</subfield>
    <subfield code="y">01</subfield>
  </datafield>
</record>
